Em fuga (Record no. 14851)

MARC details
000 -LÍDER
campo de controle de tamanho fixo 00348 a2200169 4500
001 - NÚMERO DE CONTROLE
campo de controle 14851
020 ## - ISBN - INTERNATIONAL STANDARD BOOK NUMBER
ISBN - International Standard Book Number 9788581841564
040 ## - FONTE DA CATALOGAÇÃO
Instituição que transcreveu o registro Anchieta - Aquarius
100 ## - ENTRADA PRINCIPAL--NOME PESSOAL
Nome pessoal Hest, Pimm van
240 10 - TÍTULO UNIFORME
Título uniforme Em fuga
Idioma da obra por
245 10 - TÍTULO
Título Em fuga
300 ## - DESCRIÇÃO FÍSICA
Extensão 32
362 0# - DATAS DE PUBLICAÇÃO E/OU DESIGNAÇÃO SEQUENCIAL
Datas de publicação e/ou designação sequencial 2018
440 #1 - DECLARAÇÃO DE SÉRIE/ENTRADA ADICIONADA--TÍTULO
Título Gaudí
650 #4 - ASSUNTO--TERMO TÓPICO
Cabeçalho tópico ou nome geográfico Literatura infanto-juvenil
942 ## - ELEMENTOS DE ENTRADA ADICIONADOS (KOHA)
Tipo de material Koha Livros
Holdings
Situação do descarte Situação das perdas Situação física Não pode ser emprestado Biblioteca de origem Biblioteca atual Data de aquisição Total de empréstimos Número de chamada completo Código de barras Data de último acesso Data do último empréstimo Data do preço efetivo Tipo de material Koha
        Colégio Anchieta - Bela Vista Colégio Anchieta - Bela Vista 21/11/2023   LJ 028.5 H588e HES EMF 4696/BEL 21/11/2023   21/11/2023 Livros
        Colégio São Paulo Colégio São Paulo 22/11/2023   LI 028.5 H588e 8053/CSP 22/11/2023   22/11/2023 Livros
        ESTA - SÃO BENTO ESTA - SÃO BENTO 30/04/2024   B869.91 HES EMF EST00011229 30/04/2024   30/04/2024 Livros
        Colégio Anchieta - Aquarius Inspira 21/11/2023 1 028.5 HES EMF 6894/AQU 21/11/2023 21/11/2023 21/11/2023 Livros
        Leonardo Da Vinci - Osasco Leonardo Da Vinci - Osasco 27/03/2024   I H587e O019951 27/03/2024   27/03/2024 Livros